00325nam a2200133 a 450008200170000010000200001724500320003726000330006930000080010250000350011050500100014565000160015570000200017100a340.59bSCH2 aSchacht, Joseph aIntroduction to Islamic Law aDelhibDeni Book Depotc0000 a00p aincludes index and biblioraphy2 aIndex aIslamic-Law1 aSchacht, Joseph